000 00758nam a2200217 a 4500
001 54064
003 BD-RjUL
005 20211209080052.0
008 161101s1969 nyu||||| |||| 00| 0 eng d
035 _a(BD-RjUL)54186
040 _aBD-RjUL
_beng
_cBD-RjUL
041 _aeng
082 _223
_a820.903
_bBOO 1969
100 _aBooker, John Manning
_9161405
245 _aBooker memorial studies :
_beight essays on Victorian literature in memory of John Manning Booker, 1881-1948.
_c Edited by Hill Shine
260 _aNew York :
_bRussell & Russell,
_cc1969.
300 _axiv, 183 p. ;
_c21 cm.
600 _a Booker, John Manning
_cEnglish literature
_x History and criticism.
_y19th century
_9161406
700 _a Shine, Hill,
_9161407
942 _2ddc
_cBK
999 _c54064
_d54064